[Event "3rd Cambridge Int Open"]
[Site "Cambridge ENG"]
[Date "2025.05.26"]
[Round "1.1"]
[White "Nawalaniec, Adam"]
[Black "Adams, Michael"]
[Result "1/2-1/2"]
[WhiteTitle "CM"]
[BlackTitle "GM"]
[WhiteElo "2211"]
[BlackElo "2661"]
[WhiteFideId "21023786"]
[BlackFideId "400041"]
[EventDate "2025.05.26"]

1. e4 e5 2. Nf3 Nc6 3. d4 exd4 4. Nxd4 Nf6 5. Nxc6 bxc6 6. e5 Qe7 7. Qe2 Nd5 8.
c4 Nb6 9. Nc3 Qe6 10. Qe4 Ba6 11. c5 Bxf1 12. cxb6 Bc4 13. bxc7 d5 14. exd6 Bxd6
15. Qxe6+ Bxe6 16. O-O Bxc7 17. Be3 O-O 18. Rac1 Bb6 19. Rfe1 Rfd8 20. b3 Ba5
21. Rf1 h6 22. Ne4 Bb6 23. Nc5 Bd5 24. Rfe1 Rd6 25. f3 Re8 26. Kf2 f5 27. Nd3
Red8 28. Nb4 Ba5 29. Bc5 R6d7 30. Re2 Bxb4 1/2-1/2

[Event "3rd Cambridge Int Open"]
[Site "Cambridge ENG"]
[Date "2025.05.26"]
[Round "1.2"]
[White "Tiviakov, Sergei"]
[Black "Murawski, Jan"]
[Result "1/2-1/2"]
[WhiteTitle "GM"]
[BlackTitle "CM"]
[WhiteElo "2536"]
[BlackElo "2191"]
[WhiteFideId "1008013"]
[BlackFideId "21009287"]
[EventDate "2025.05.26"]

1. e4 e5 2. Nf3 Nc6 3. Bc4 Bc5 4. c3 Nf6 5. d3 d6 6. h3 a6 7. Bb3 h6 8. Qe2 Ba7
9. Nbd2 Qe7 10. Nf1 Be6 11. Ng3 O-O-O 12. Be3 Bxe3 13. fxe3 d5 14. exd5 Nxd5 15.
Ba4 Ncb4 16. O-O Nb6 17. Bc2 Nxc2 18. Qxc2 Qd6 19. Rad1 f5 20. d4 e4 21. Ne5 g6
22. Ne2 Nc4 23. Nxc4 Bxc4 24. Rf2 Rhf8 25. b3 Bxe2 26. Qxe2 Rf6 27. c4 g5 28. d5
Qe5 29. Qd2 c6 30. Qd4 Qxd4 31. Rxd4 cxd5 32. cxd5 Kc7 33. g4 Rdf8 34. gxf5 Rxf5
35. d6+ Kd7 36. Rc2 Rf3 37. Rxe4 Rg3+ 38. Kh2 Rff3 39. h4 Rh3+ 40. Kg1 Rhg3+ 41.
Rg2 Rxe3 42. Rxe3 Rxe3 43. hxg5 1/2-1/2

[Event "3rd Cambridge Int Open"]
[Site "Cambridge ENG"]
[Date "2025.05.26"]
[Round "1.3"]
[White "Badacsonyi, Frankie"]
[Black "Bosiocic, Marin"]
[Result "0-1"]
[WhiteTitle "FM"]
[BlackTitle "GM"]
[WhiteElo "2190"]
[BlackElo "2511"]
[WhiteFideId "460400"]
[BlackFideId "14507927"]
[EventDate "2025.05.26"]

1. d4 d6 2. Nf3 Nf6 3. c4 g6 4. Nc3 Bf5 5. d5 Bg7 6. Nd4 Bd7 7. e4 O-O 8. Be2 e5
9. dxe6 fxe6 10. Be3 Nc6 11. Nc2 b6 12. O-O Ne5 13. f3 h6 14. Qd2 g5 15. Rfd1
Nh5 16. Kh1 Nf4 17. Bf1 Qe7 18. Ne1 Rf7 19. Rac1 Raf8 20. Ne2 Nfg6 21. Nd3 Nxd3
22. Qxd3 Bxb2 23. Rc2 Be5 24. Qa3 g4 25. f4 Nxf4 0-1

[Event "3rd Cambridge Int Open"]
[Site "Cambridge ENG"]
[Date "2025.05.26"]
[Round "1.4"]
[White "Ghasi, Ameet K"]
[Black "Goh, Jinghan Cameron"]
[Result "1-0"]
[WhiteTitle "GM"]
[WhiteElo "2502"]
[BlackElo "2186"]
[WhiteFideId "409200"]
[BlackFideId "5804540"]
[EventDate "2025.05.26"]

1. e4 e5 2. Bc4 Nf6 3. d3 Bc5 4. Nf3 Nc6 5. c3 a5 6. h3 O-O 7. O-O Re8 8. Re1 h6
9. Nbd2 Ba7 10. Nf1 d5 11. exd5 Nxd5 12. Ng3 Be6 13. Bb5 Nf4 14. d4 Bd5 15. Bxf4
exf4 16. Rxe8+ Qxe8 17. Nh5 Bxf3 18. Qxf3 Nxd4 19. Nf6+ Kf8 20. Qxb7 Qc8 21.
Nd7+ Ke7 22. Qxc8 Rxc8 23. cxd4 Bxd4 24. Re1+ Kd6 25. Rd1 c5 26. b3 Rd8 27. Kf1
Rxd7 28. Bxd7 Kxd7 29. Ke2 Kc6 30. f3 Kb5 31. Rc1 a4 32. Rc4 axb3 33. axb3 Be5
34. Kd3 f5 35. Ra4 h5 36. h4 Bb8 37. Ra8 Be5 38. Rh8 Kb4 39. Kc2 c4 40. Rxh5
cxb3+ 41. Kb1 g6 42. Rh6 Bf6 43. h5 1-0

[Event "3rd Cambridge Int Open"]
[Site "Cambridge ENG"]
[Date "2025.05.26"]
[Round "1.5"]
[White "Pozzari, Simone"]
[Black "Clarke, Brandon G I"]
[Result "0-1"]
[WhiteTitle "FM"]
[BlackTitle "IM"]
[WhiteElo "2171"]
[BlackElo "2498"]
[WhiteFideId "2831282"]
[BlackFideId "400319"]
[EventDate "2025.05.26"]

1. e4 c5 2. Nf3 Nc6 3. d4 cxd4 4. Nxd4 g6 5. c4 Bg7 6. Be3 d6 7. Nc3 Qb6 8. Ndb5
Bxc3+ 9. Nxc3 Qxb2 10. Nd5 Nb4 11. Rc1 Nxd5 12. exd5 Nf6 13. Bd4 Qb4+ 14. Bc3
Qc5 15. Bd4 Qa5+ 16. Bc3 Qb6 17. Bd4 Qc7 18. Bd3 O-O 19. O-O b6 20. Re1 e5 21.
dxe6 fxe6 22. f4 Nh5 23. g3 Bd7 24. Be4 Rae8 25. f5 e5 26. fxg6 Nf6 27. gxh7+
Kh8 28. Bf2 Nxe4 29. Rxe4 Bc6 30. Rh4 Ba8 31. Rh6 Rxf2 32. Kxf2 Rf8+ 33. Ke1 Qc5
34. Qd2 Qg1+ 35. Ke2 Bf3+ 36. Kd3 Qd4+ 0-1

[Event "3rd Cambridge Int Open"]
[Site "Cambridge ENG"]
[Date "2025.05.26"]
[Round "1.6"]
[White "Cuenca Jimenez, Jose Fernando"]
[Black "Udovenko, Daniel"]
[Result "1-0"]
[WhiteTitle "GM"]
[WhiteElo "2495"]
[BlackElo "2160"]
[WhiteFideId "2255570"]
[BlackFideId "30957508"]
[EventDate "2025.05.26"]

1. d4 Nf6 2. c4 g6 3. Nc3 Bg7 4. e4 d6 5. h3 O-O 6. Be3 Nc6 7. Qd2 e5 8. d5 Nd4
9. Nge2 Bd7 10. O-O-O c5 11. dxc6 bxc6 12. Nxd4 exd4 13. Bxd4 c5 14. Be3 Rb8 15.
e5 dxe5 16. Bxc5 Qa5 17. Bd6 Ne4 18. Bc7 Qb4 19. Nxe4 Bh6 20. Nf6+ Kg7 21. Bxe5
Bxd2+ 22. Rxd2 Kh6 23. Bxb8 Rxb8 24. Nxd7 Rd8 25. Be2 Qe7 26. Rhd1 Rxd7 27. Rxd7
Qxe2 28. R7d4 a5 29. a3 a4 30. Kb1 Qxf2 31. R1d2 Qf1+ 32. Ka2 Qc1 33. R2d3 Qg1
34. c5 f5 35. c6 Qe1 36. Rc3 Qe6+ 37. Rcc4 Kg5 38. c7 Qc8 39. Rd8 Qb7 40. c8=Q
Qb3+ 41. Kb1 Qd1+ 42. Rxd1 1-0

[Event "3rd Cambridge Int Open"]
[Site "Cambridge ENG"]
[Date "2025.05.26"]
[Round "1.7"]
[White "Brewer, Callum D"]
[Black "Wadsworth, Matthew J"]
[Result "0-1"]
[BlackTitle "IM"]
[WhiteElo "2154"]
[BlackElo "2484"]
[WhiteFideId "435309"]
[BlackFideId "415804"]
[EventDate "2025.05.26"]

1. e4 c6 2. d4 d5 3. f3 e6 4. Nc3 Bb4 5. Bd2 Ne7 6. a3 Ba5 7. Bd3 Bb6 8. Nge2
O-O 9. exd5 cxd5 10. f4 Nbc6 11. Be3 Nf5 12. Bxf5 exf5 13. O-O Be6 14. Na4 Ne7
15. Nc5 Qc7 16. Nxe6 fxe6 17. Nc1 Nc8 18. Nd3 Nd6 19. c3 Qe7 20. Qe2 Bc7 21. Ne5
Ne4 22. Rac1 Rac8 23. Qb5 Bd6 24. c4 a6 25. Qb3 dxc4 26. Rxc4 Rxc4 27. Qxc4 Nf6
28. Rc1 Nd5 29. Qb3 Bxe5 30. dxe5 Qd7 31. Bd2 Rc8 32. Rc2 b5 33. Rxc8+ Qxc8 34.
Be3 h6 35. Kf2 Qc6 36. Qd3 a5 37. Bd2 a4 38. Be3 Kf7 39. h3 Ke8 40. Qe2 g6 41.
Qd3 Qc4 42. Qxc4 bxc4 43. Bd2 Kd7 44. Kf3 Kc6 45. Bc3 Kc5 46. g3 Nc7 47. Ke3 Kd5
48. Kf3 Na6 49. Ke3 Nc5 50. Kf3 Ne4 51. Bb4 Kd4 52. g4 Kd3 53. h4 h5 54. gxf5
gxf5 55. Ba5 Kc2 0-1

[Event "3rd Cambridge Int Open"]
[Site "Cambridge ENG"]
[Date "2025.05.26"]
[Round "1.8"]
[White "Willow, Jonah B"]
[Black "Hanache, Kai"]
[Result "1/2-1/2"]
[WhiteTitle "IM"]
[WhiteElo "2478"]
[BlackElo "2149"]
[WhiteFideId "438804"]
[BlackFideId "490105"]
[EventDate "2025.05.26"]

1. e4 c5 2. Nf3 d6 3. d4 cxd4 4. Nxd4 Nf6 5. Nc3 Nc6 6. Bg5 e6 7. Qd3 Bd7 8.
O-O-O Qa5 9. Bxf6 gxf6 10. Ndb5 O-O-O 11. Nxd6+ Bxd6 12. Qxd6 Nb4 13. a3 Nxc2
14. Bb5 Bxb5 15. Qc5+ Kb8 16. Qxb5 Qxb5 17. Nxb5 Na1 18. b4 a6 19. Nd6 Rd7 20.
Rd3 Rc8+ 21. Kb2 Rc6 22. Rhd1 Nc2 23. R3d2 Ne1 24. Ne8 Rc2+ 25. Rxc2 Rxd1 26.
Rc7 Rd2+ 27. Kb3 Rxf2 28. Rxf7 Rxg2 29. Nxf6 Rxh2 30. Nxh7 Rh3+ 31. Kc4 Nc2 32.
a4 Na3+ 33. Kd4 Rb3 34. Kc5 Rc3+ 35. Kd6 Rc6+ 36. Ke5 Nc4+ 37. Kd4 Nb2 38. Ng5
Rc4+ 39. Ke5 Rxb4 40. Kxe6 Rxa4 41. e5 1/2-1/2

[Event "3rd Cambridge Int Open"]
[Site "Cambridge ENG"]
[Date "2025.05.26"]
[Round "1.9"]
[White "Adams, Henry"]
[Black "Fernandez, Daniel Howard"]
[Result "0-1"]
[BlackTitle "GM"]
[WhiteElo "2144"]
[BlackElo "2475"]
[WhiteFideId "464562"]
[BlackFideId "5801605"]
[EventDate "2025.05.26"]

1. d4 Nf6 2. c4 g6 3. g3 c6 4. Bg2 d5 5. Nf3 Bg7 6. O-O O-O 7. Nc3 dxc4 8. e4
Bg4 9. h3 Bxf3 10. Bxf3 e5 11. dxe5 Nfd7 12. e6 fxe6 13. Be2 Ne5 14. Be3 Qe7 15.
f4 Rd8 16. Qc2 Nd3 17. e5 Na6 18. Ne4 b5 19. a3 Nc7 20. Kh2 Nd5 21. Bg1 g5 22.
Nxg5 Bxe5 23. fxe5 Qxg5 24. Bxd3 cxd3 25. Qxc6 Qg6 26. Rad1 Rac8 27. Qxb5 Rc2+
28. Rf2 Qf5 29. Rdd2 Nf4 30. g4 Qe4 31. Rxc2 dxc2 32. Qc5 Rd3 33. Qc8+ Kg7 34.
Qc7+ Kg6 0-1

[Event "3rd Cambridge Int Open"]
[Site "Cambridge ENG"]
[Date "2025.05.26"]
[Round "1.10"]
[White "Camacho Collados, Marcos"]
[Black "Khoury, Theo"]
[Result "1-0"]
[WhiteTitle "IM"]
[BlackTitle "CM"]
[WhiteElo "2462"]
[BlackElo "2143"]
[WhiteFideId "2266237"]
[BlackFideId "480703"]
[EventDate "2025.05.26"]

1. e4 c5 2. Nf3 d6 3. Bc4 Nf6 4. d3 e6 5. O-O Be7 6. c3 O-O 7. Nbd2 Nc6 8. Re1
Na5 9. Bb5 a6 10. Ba4 b5 11. Bc2 e5 12. Nf1 Nc6 13. Ng3 Be6 14. h3 Rc8 15. a4
Qc7 16. Nh2 d5 17. exd5 Nxd5 18. axb5 axb5 19. Qf3 Ra8 20. Bd2 Rxa1 21. Rxa1 Rb8
22. Nf5 Bf8 23. Bb3 Nf4 24. Bxe6 Nxe6 25. Ng4 Ne7 26. Re1 f6 27. Ra1 Qb7 28.
Nxe7+ Bxe7 29. Qf5 Nf8 30. Qe4 Qd7 31. Ne3 Rd8 32. Nf5 Ng6 33. Ra8 Rxa8 34.
Qxa8+ Bf8 35. Qe4 Ne7 36. Nxe7+ Bxe7 37. Be3 Qe6 38. Qa8+ Kf7 39. Qb7 Qd6 40.
Qxb5 f5 41. Qc4+ Kf8 42. f3 g5 43. Bf2 h5 44. Kf1 Kg7 45. Ke2 Qb8 46. Qa2 Qb5
47. c4 Qd7 48. Qb3 Qe6 49. Qb7 Kf6 50. b3 Qd6 51. Be3 Qe6 52. Qb8 Kg7 53. Qc7
Kg6 54. Bxc5 Bf6 55. Qd6 Qc8 56. Be3 Qa8 57. Qd5 Qa2+ 58. Bd2 Qxb3 59. Qg8+ Kh6
60. h4 f4 61. hxg5+ Bxg5 62. Qe6+ Kh7 63. Qxe5 Kg6 64. Qe6+ Kg7 65. Qe5+ Kg6 66.
Qe8+ Kh6 67. g3 1-0

[Event "3rd Cambridge Int Open"]
[Site "Cambridge ENG"]
[Date "2025.05.26"]
[Round "1.12"]
[White "Pert, Richard G"]
[Black "Vaidyanathan, Adithya"]
[Result "1/2-1/2"]
[WhiteTitle "IM"]
[WhiteElo "2413"]
[BlackElo "2137"]
[WhiteFideId "404748"]
[BlackFideId "495450"]
[EventDate "2025.05.26"]

1. d4 d5 2. Nf3 Bf5 3. c4 e6 4. Nc3 Nf6 5. Nh4 Be4 6. e3 c5 7. cxd5 Bxd5 8. Nxd5
Nxd5 9. Nf3 Nc6 10. a3 Be7 11. dxc5 Bxc5 12. Bd3 h6 13. O-O O-O 14. e4 Nf6 15.
b4 Bd6 16. Bb2 Ng4 17. Qe2 Nce5 18. Nxe5 Bxe5 19. Bxe5 Nxe5 20. Rad1 Qb6 21. Qh5
Nxd3 22. Rxd3 Rad8 23. Rg3 Kh8 24. Qg4 Qd4 25. h3 f5 26. exf5 Qxg4 27. hxg4 exf5
28. gxf5 Rxf5 29. Re1 Rd7 30. Rge3 Kg8 1/2-1/2

[Event "3rd Cambridge Int Open"]
[Site "Cambridge ENG"]
[Date "2025.05.26"]
[Round "1.13"]
[White "Shearsby, Jude"]
[Black "Haubro, Martin"]
[Result "0-1"]
[WhiteTitle "CM"]
[BlackTitle "IM"]
[WhiteElo "2133"]
[BlackElo "2402"]
[WhiteFideId "462527"]
[BlackFideId "1414291"]
[EventDate "2025.05.26"]

1. e4 c5 2. Nf3 d6 3. d4 cxd4 4. Nxd4 Nf6 5. Nc3 a6 6. Be3 e5 7. Nb3 Be7 8. f3
h5 9. Qd2 Qc7 10. Be2 O-O 11. O-O Nbd7 12. Nd5 Nxd5 13. exd5 a5 14. c4 a4 15.
Nc1 f5 16. f4 Nf6 17. Nd3 b5 18. cxb5 Nxd5 19. Rac1 Qd8 20. Bxh5 Be6 21. fxe5
dxe5 22. Rfd1 e4 23. Nc5 Nxe3 24. Nxe6 Qxd2 25. Rxd2 Rfc8 26. Rxc8+ Rxc8 27. b6
Rc6 28. b7 Rb6 29. Rd7 Bf6 30. Nc5 Rxb2 31. Nb3 Rxg2+ 32. Kh1 Be5 33. Re7 Bf4
34. Re8+ Kh7 35. b8=Q Rxh2+ 36. Kg1 Bxb8 37. Rxb8 Rxh5 38. Nc5 Rh3 39. Nxa4 Rf3
40. Nc3 Rf1+ 41. Kh2 Rf2+ 42. Kg3 Rf3+ 43. Kh2 Ng4+ 0-1

[Event "3rd Cambridge Int Open"]
[Site "Cambridge ENG"]
[Date "2025.05.26"]
[Round "1.14"]
[White "Siva, Mahadevan"]
[Black "Payne, Matthew J"]
[Result "1-0"]
[WhiteTitle "IM"]
[WhiteElo "2385"]
[BlackElo "2116"]
[WhiteFideId "25043153"]
[BlackFideId "417084"]
[EventDate "2025.05.26"]

1. e4 e6 2. d4 d5 3. e5 c5 4. c3 Nc6 5. Nf3 Qb6 6. a3 c4 7. Nbd2 Na5 8. Rb1 Bd7
9. h4 Nh6 10. Rh3 f6 11. b4 cxb3 12. Nxb3 Nf7 13. Bd3 Ba4 14. Bc2 Bxb3 15. Bxb3
Nxb3 16. Rxb3 Qc6 17. Rg3 O-O-O 18. Bf4 Rd7 19. Kf1 fxe5 20. Bxe5 Rg8 21. Qb1 g6
22. h5 Bd6 23. Bxd6 Rxd6 24. Kg1 Rd7 25. hxg6 hxg6 26. Rxg6 Rh8 27. g3 Re7 28.
Rg7 Ne5 29. Nxe5 1-0

[Event "3rd Cambridge Int Open"]
[Site "Cambridge ENG"]
[Date "2025.05.26"]
[Round "1.15"]
[White "Schroer, Marcel"]
[Black "Fernandez Garcia, Jose Miguel"]
[Result "1/2-1/2"]
[BlackTitle "IM"]
[WhiteElo "2085"]
[BlackElo "2365"]
[WhiteFideId "1012908"]
[BlackFideId "22200070"]
[EventDate "2025.05.26"]

1. d4 Nf6 2. Nf3 e6 3. g3 d5 4. Bg2 a6 5. O-O Be7 6. c4 dxc4 7. a4 Nc6 8. Nc3
Na5 9. e4 c6 10. Bg5 h6 11. Bxf6 Bxf6 12. e5 Be7 13. Qe2 O-O 14. Rad1 b5 15. Ne4
Nb3 16. Qe3 Qb6 17. Qf4 Qc7 18. Qg4 Bb7 19. Nf6+ Kh8 20. Qh5 Qd8 21. Ng5 Bxf6
22. Nxf7+ Rxf7 23. Qxf7 Qe7 24. Qg6 Qe8 25. Qxe8+ Rxe8 26. exf6 gxf6 27. Rfe1
Kg7 28. axb5 axb5 29. d5 cxd5 30. Bxd5 Bxd5 31. Rxd5 b4 32. Rd7+ Kg6 33. Kg2 c3
34. bxc3 bxc3 35. Rc7 Nd4 36. Rxc3 h5 37. Rc4 Nf5 38. Rc6 Kf7 39. Ra1 Kg6 40.
Raa6 Ng7 41. Ra7 Nf5 42. Rac7 e5 43. Ra7 Rf8 44. Raa6 Kg5 45. Rc5 Nd4 46. Rd6
Nf5 47. Ra6 Nd4 48. Ra4 Ne6 49. Rca5 Rd8 50. Ra2 Kg6 51. Re2 Nd4 52. Re1 h4 53.
gxh4 Kf5 54. Ra3 Rh8 55. Rh3 Ne6 56. Rf3+ Nf4+ 57. Rxf4+ Kxf4 58. Re3 Rxh4 59.
Rf3+ Kg5 60. Rg3+ Kf4 61. Rf3+ Kg5 62. Rg3+ 1/2-1/2

[Event "3rd Cambridge Int Open"]
[Site "Cambridge ENG"]
[Date "2025.05.26"]
[Round "1.16"]
[White "Wells, Peter K"]
[Black "Chan, Sheng Liang Bernard"]
[Result "1/2-1/2"]
[WhiteTitle "GM"]
[WhiteElo "2350"]
[BlackElo "2095"]
[WhiteFideId "400327"]
[BlackFideId "5712858"]
[EventDate "2025.05.26"]

1. d4 d5 2. c4 dxc4 3. Nf3 Nf6 4. e3 e6 5. Bxc4 c5 6. O-O Nc6 7. a3 a6 8. dxc5
Qxd1 9. Rxd1 Bxc5 10. b4 Be7 11. Bb2 b5 12. Be2 Bb7 13. Nbd2 O-O 14. Nb3 Rfd8
15. Ne1 Rxd1 16. Rxd1 Rd8 17. Nd3 Nb8 18. Na5 Ba8 19. Rc1 Nd5 20. Bd4 Nd7 21. e4
N5b6 22. Nc6 Bxc6 23. Rxc6 Rc8 24. Rxc8+ Nxc8 25. f4 Nd6 26. Nc5 Nxc5 27. Bxc5
Kf8 28. Bd3 Nb7 29. Bb6 Bd8 30. Bd4 Be7 31. e5 h6 32. Be4 Nd8 33. Kf2 Ke8 34.
Ke3 Kd7 35. g4 Nc6 36. Bc3 Bd8 37. Bxc6+ Kxc6 38. Ke4 g6 39. Bd2 h5 1/2-1/2

[Event "3rd Cambridge Int Open"]
[Site "Cambridge ENG"]
[Date "2025.05.26"]
[Round "1.17"]
[White "Pereslavtsev, Alexandr"]
[Black "Balaji, Aaravamudhan"]
[Result "0-1"]
[BlackTitle "IM"]
[WhiteElo "2093"]
[BlackElo "2346"]
[WhiteFideId "343401449"]
[BlackFideId "436224"]
[EventDate "2025.05.26"]

1. d4 Nf6 2. c4 e6 3. Nf3 c5 4. d5 exd5 5. cxd5 d6 6. Nc3 g6 7. Nd2 Bg7 8. Nc4
O-O 9. Bf4 Nh5 10. Bxd6 Re8 11. a4 Nd7 12. Nb5 Qh4 13. e3 Nb6 14. Nxb6 axb6 15.
Be2 Qb4+ 16. Qd2 Qxd2+ 17. Kxd2 Nf6 18. Nc7 Ne4+ 19. Kc1 Bd7 20. Nxe8 Bxe8 21.
Bg3 c4 22. f3 Nc5 23. Bxc4 b5 24. Ba2 Nxa4 25. Rb1 Rc8+ 26. Kd2 Bxb2 27. Bb3
Bc3+ 28. Ke2 b4 29. d6 Bb5+ 30. Kf2 Nc5 31. Rhd1 Bd3 32. Rxd3 Nxd3+ 33. Ke2 Nc5
34. Bc4 Kf8 35. Bb5 Ra8 36. d7 Ra2+ 37. Kf1 Rd2 38. Be1 Rd6 39. Bxc3 bxc3 40.
Rc1 Nxd7 41. Rxc3 b6 42. Ke2 Nc5 43. Ra3 h5 44. e4 Ne6 45. Ke3 g5 46. Rb3 h4 47.
g3 Nc5 48. Rb1 Ke7 49. gxh4 gxh4 50. f4 Rg6 51. Kf3 Rd6 52. Ke3 Rd8 53. Rg1 Ra8
54. Rg2 h3 55. Re2 Ra5 56. Bc4 Ra3+ 57. Kf2 Rc3 58. Bd5 Nd3+ 59. Kf3 Ne5+ 60.
Kf2 Rf3+ 61. Ke1 Nd3+ 62. Kd1 Nxf4 63. Rb2 Rf1+ 0-1

[Event "3rd Cambridge Int Open"]
[Site "Cambridge ENG"]
[Date "2025.05.26"]
[Round "1.18"]
[White "Li, Wenxiang"]
[Black "Brett, Andrew R"]
[Result "1-0"]
[WhiteElo "2342"]
[BlackElo "2057"]
[WhiteFideId "8609748"]
[BlackFideId "416460"]
[EventDate "2025.05.26"]

1. d4 Nf6 2. c4 e6 3. Nc3 Bb4 4. f3 c5 5. d5 d6 6. e4 b5 7. Be3 O-O 8. Kf2 Bxc3
9. bxc3 bxc4 10. Bxc4 Qe7 11. Ne2 Nbd7 12. Nf4 Ne5 13. Bb3 c4 14. Bc2 exd5 15.
Nxd5 Nxd5 16. Qxd5 Be6 17. Qd4 Qh4+ 18. Ke2 Rac8 19. Qxd6 Nd3 20. Qg3 Qf6 21.
Bd4 Qh6 22. Rhb1 Rfd8 23. Rb7 f6 24. Be3 Qg6 25. Rab1 Qxg3 26. hxg3 a5 27. R1b6
Bd7 28. Ra7 Ra8 29. Rbb7 Rxa7 30. Rxa7 Be6 31. Rxa5 Rb8 32. Bxd3 cxd3+ 33. Kxd3
Rb2 34. c4 Rxg2 35. Ra6 Kf7 36. Ra7+ Ke8 37. Rxg7 Rxa2 38. Bc5 Bf7 39. Bd4 Ra3+
40. Bc3 Bg6 41. c5 Kf8 42. Rb7 Ra6 43. Rb6 Ra4 44. Rxf6+ Ke7 45. Rd6 1-0

[Event "3rd Cambridge Int Open"]
[Site "Cambridge ENG"]
[Date "2025.05.26"]
[Round "1.19"]
[White "Kueh, Audrey"]
[Black "Camacho Collados, Jose"]
[Result "0-1"]
[WhiteTitle "WFM"]
[BlackTitle "IM"]
[WhiteElo "2054"]
[BlackElo "2327"]
[WhiteFideId "421596"]
[BlackFideId "2265427"]
[EventDate "2025.05.26"]

1. e4 c5 2. Nf3 Nc6 3. Bb5 e5 4. O-O Bd6 5. c3 a6 6. Ba4 b5 7. Bb3 c4 8. Bc2 Nf6
9. d3 cxd3 10. Qxd3 Bc7 11. Bg5 h6 12. Bxf6 Qxf6 13. Bb3 O-O 14. Nbd2 Rb8 15.
Rfd1 d6 16. h3 Ne7 17. Nf1 Be6 18. N3h2 Ng6 19. Ng4 Qg5 20. Qg3 Nf4 21. Kh2 Qg6
22. Nfe3 Kh8 23. Nd5 Nxd5 24. exd5 Bd7 25. Rf1 f5 26. Ne3 Qxg3+ 27. fxg3 Bb6 28.
Rae1 g6 29. Bc2 Kg7 30. g4 Bxe3 31. Rxe3 fxg4 32. Rxf8 Rxf8 33. Kg3 gxh3 34.
gxh3 Rf4 35. Bd3 g5 36. b3 Kf6 37. c4 b4 38. c5 dxc5 39. Bxa6 e4 40. Bb7 Ke5 41.
Kh2 Kd4 42. Re1 Rf2+ 43. Kg3 Rf3+ 44. Kh2 Rxh3+ 45. Kg2 Rd3 46. Bc6 Bf5 47. d6
Ke5 48. d7 Rd2+ 49. Kg3 h5 0-1

[Event "3rd Cambridge Int Open"]
[Site "Cambridge ENG"]
[Date "2025.05.26"]
[Round "1.20"]
[White "York-Weaving, Richard"]
[Black "Hutchinson, Paul A"]
[Result "1-0"]
[WhiteTitle "FM"]
[WhiteElo "2323"]
[BlackElo "2054"]
[WhiteFideId "401161"]
[BlackFideId "411558"]
[EventDate "2025.05.26"]

1. e4 d5 2. exd5 Qxd5 3. Nc3 Qa5 4. d4 Nf6 5. Nf3 Bf5 6. Bd2 Nbd7 7. Bc4 c6 8.
Qe2 e6 9. d5 cxd5 10. Nxd5 Qd8 11. Nxf6+ gxf6 12. O-O-O Qc7 13. Nd4 Bg6 14. Nxe6
fxe6 15. Qxe6+ Be7 16. Bb4 Nc5 17. Bxc5 Qxc5 18. Rhe1 Kf8 19. Rd7 Re8 20. Rxb7
Qf5 21. Qxf5 Bxf5 22. Bb5 Kf7 23. Bc4+ Kf8 24. Rxa7 Bg6 25. Bb5 Kf7 26. c3 f5
27. a4 Kf6 28. Bxe8 Rxe8 29. Ra6+ Kf7 30. Ra7 Kf8 31. f4 Bc5 32. Rxe8+ Kxe8 33.
Ra8+ Kd7 34. Kd2 Bf7 35. Rh8 h5 36. b4 Bg1 37. h3 Bh2 38. Ke3 Bg1+ 39. Kd2 Bh2
40. Ke3 Bg1+ 41. Kf3 Bb3 42. a5 Bd1+ 43. Kg3 Be2 44. Rh6 Kc7 45. Kh4 Bf2+ 46.
Kg5 Bf1 47. Rxh5 Bxg2 48. Kxf5 Be1 49. Ke6 Kb7 50. Rc5 Bxh3+ 51. f5 Bf2 52. Rc4
Ka6 53. Rf4 Be1 54. Rf3 Bg4 55. Re3 Bd2 56. Rg3 Bh5 57. f6 Bf4 58. Rg2 Bf3 59.
Rf2 Bg4+ 60. Ke7 Be3 61. Rg2 Bh5 62. f7 Bxf7 63. Kxf7 Kb5 64. Rg3 Bd2 65. Ke6
Be1 66. Rf3 Bd2 67. Kd5 Be1 68. Kd4 Bh4 69. Rf5+ Ka6 70. Kc4 Bd8 71. Rh5 Kb7 72.
Kb5 Bf6 73. Rh7+ Kb8 74. c4 Bd4 75. c5 1-0

[Event "3rd Cambridge Int Open"]
[Site "Cambridge ENG"]
[Date "2025.05.26"]
[Round "1.21"]
[White "Yu, Rock"]
[Black "Kalavannan, Koby"]
[Result "0-1"]
[BlackTitle "FM"]
[WhiteElo "2048"]
[BlackElo "2303"]
[WhiteFideId "489000"]
[BlackFideId "425753"]
[EventDate "2025.05.26"]

1. Nf3 g6 2. c4 Bg7 3. Nc3 e5 4. d4 exd4 5. Bg5 f6 6. Qxd4 Nc6 7. Qe3+ Nge7 8.
Bh6 O-O 9. Bxg7 Kxg7 10. O-O-O d6 11. h4 Ne5 12. c5 Ng4 13. Qf4 Nxf2 14. cxd6
Nc6 15. dxc7 Qe7 16. Rd6 Ne5 17. Qb4 Nxf3 18. exf3 Qe3+ 19. Rd2 Nxh1 20. Ne4
Qe1+ 21. Kc2 Qxf1 22. Qe7+ Rf7 0-1

[Event "3rd Cambridge Int Open"]
[Site "Cambridge ENG"]
[Date "2025.05.26"]
[Round "1.22"]
[White "Fava, Lorenzo"]
[Black "Volovich, Andrew"]
[Result "1-0"]
[WhiteTitle "FM"]
[WhiteElo "2299"]
[BlackElo "1628"]
[WhiteFideId "2837434"]
[BlackFideId "472042"]
[EventDate "2025.05.26"]

1. g3 e5 2. Bg2 Nc6 3. c4 f5 4. Nc3 Nf6 5. e3 d5 6. cxd5 Nb4 7. d3 e4 8. dxe4
fxe4 9. Nxe4 Nbxd5 10. Nxf6+ Nxf6 11. Qxd8+ Kxd8 12. Bd2 a5 13. Ne2 Bb4 14. Rd1
Ke7 15. a3 Bxd2+ 16. Rxd2 c6 17. e4 Be6 18. Nd4 Bc4 19. Nf5+ Kf7 20. Nd6+ Kg6
21. Nxc4 Rhe8 22. f3 Re6 23. O-O b5 24. Ne3 b4 25. f4 Nxe4 26. f5+ Kh6 27. Rd4
Nxg3 28. Rh4+ Kg5 29. Rg4+ 1-0

[Event "3rd Cambridge Int Open"]
[Site "Cambridge ENG"]
[Date "2025.05.26"]
[Round "1.23"]
[White "Varnam, Liam D"]
[Black "Pert, Max"]
[Result "1-0"]
[BlackTitle "FM"]
[WhiteElo "2022"]
[BlackElo "2290"]
[WhiteFideId "410950"]
[BlackFideId "456845"]
[EventDate "2025.05.26"]

1. e4 e5 2. Nf3 Nc6 3. Bb5 a6 4. Ba4 Nf6 5. O-O d6 6. Re1 Bd7 7. c4 Bg4 8. h3
Bxf3 9. Qxf3 Nd7 10. Bxc6 bxc6 11. d4 exd4 12. e5 dxe5 13. Qxc6 f6 14. Bd2 Be7
15. Ba5 Ra7 16. b4 O-O 17. c5 Kh8 18. Nd2 Nb8 19. Qe4 Qd7 20. f4 Nc6 21. Nc4 f5
22. Nxe5 fxe4 23. Nxd7 Rd8 24. Ne5 Nxe5 25. fxe5 e3 26. Rad1 Bh4 27. g3 Be7 28.
Rd3 Bg5 29. h4 Bh6 30. Kg2 Rd5 31. g4 Bf4 32. e6 c6 33. Rf1 g5 34. hxg5 Bxg5 35.
Rf5 Re7 36. Rxd5 cxd5 37. Rxd4 Rxe6 38. b5 axb5 39. Be1 Re4 40. Rxe4 dxe4 41.
Bg3 Kg8 42. c6 Bd8 43. c7 Bxc7 44. Bxc7 Kg7 45. Bf4 Kg6 46. Bxe3 Kf6 47. Kg3 Ke5
48. g5 Kf5 49. Kh4 1-0